The art of computer programming

The second volume offers a complete introduction to the field of seminumerical algorithms, with separate chapters on random numbers and arithmetic. The book summarizes the major paradigms and basic theory of such algorithms, thereby providing a comprehensive interface between computer programming an...

Popoln opis

Shranjeno v:
Bibliografske podrobnosti
Glavni avtor: Knuth, Donald E.
Format: Knjiga
Jezik:Undetermined
Izdano: Reading, Mass. Addison-Wesley 1997
Teme:
Oznake: Označite
Brez oznak, prvi označite!
Thư viện lưu trữ: Trung tâm Học liệu Trường Đại học Cần Thơ
LEADER 01020nam a2200193Ia 4500
001 CTU_232576
008 210402s9999 xx 000 0 und d
082 |a 005.1 
082 |b K74/Vol.1 
100 |a Knuth, Donald E. 
245 4 |a The art of computer programming 
245 0 |c Donald E. Knuth 
260 |a Reading, Mass. 
260 |b Addison-Wesley 
260 |c 1997 
520 |a The second volume offers a complete introduction to the field of seminumerical algorithms, with separate chapters on random numbers and arithmetic. The book summarizes the major paradigms and basic theory of such algorithms, thereby providing a comprehensive interface between computer programming and numerical analysis. Particularly noteworthy in this third edition is Knuth's new treatment of random number generators, and his discussion of calculations with formal power series. 
650 |a Chương trình máy tính,Computer programming 
910 |b dqhieu 
980 |a Trung tâm Học liệu Trường Đại học Cần Thơ